| 000 | 00780nam a2200205 a 4500 | ||
|---|---|---|---|
| 003 | 0 | ||
| 005 | 20250623110019.0 | ||
| 008 | 021022s19uu xx 00 eng d | ||
| 050 |
_aPGS BF 723.S25 _b.Sa161 1997 |
||
| 100 | _aSalanga, Craig Leonardo B. | ||
| 245 |
_aA study of self-discipline practice of selected grade 6 students of SIS school year 1996-1997 / _cCraig Leonardo B. Salanga. |
||
| 260 |
_aLas PiƱas City, Philippines : _bSouthville International School and Colleges, _c1997. |
||
| 300 |
_a43 pages : _billustrations ; _c28 cm. |
||
| 504 | _aIncludes bibliographical references. | ||
| 650 | _aSelf-control in children. | ||
| 650 |
_aGrade school students _vConduct of life. |
||
| 650 | _aMoral education. | ||
| 650 | _aStudent behavior. | ||
| 942 |
_2lcc _cPASS |
||
| 999 |
_c96104 _d96104 |
||